00500nam a2200193 a 4500001001300000003000900013005001700022008004100039020001000080082001700090100002700107245001600134260004000150300000900190500003500199650001900234650002600253700002700279nice12345678IN_TiNIC20260116011824.0070619s1945 chea grp 000 0 per  ac10000a891.51bIQB2 aIqbal, Shaikh Mohammad aJaweed Nama aChennai bLilly Soosai Opset c1945 a276p aincludes index and biblioraphy aPersian Poetry aIqbal Muhammad-Poetry1 aIqbal, Shaikh Mohammad